Introductin to international law (Record no. 542302)

000 -LEADER
fixed length control field 00356nam a22001337a 4500
082 ## - DEWEY DECIMAL CLASSIFICATION NUMBER
Classification number 341
Author Mark STA
-- N-01, p-155
245 ## - TITLE STATEMENT
Title Introductin to international law
Statement of responsibility, etc. Starke, J.G
250 ## - EDITION STATEMENT
Edition statement 10th
260 ## - PUBLICATION, DISTRIBUTION, ETC.
Place of publication, distribution, etc. Lahore
Name of publisher, distributor, etc. Mayo Art Press
300 ## - PHYSICAL DESCRIPTION
Extent 694 p. :
Other physical details ill, ;
Dimensions 20 cm.
526 ## - STUDY PROGRAM INFORMATION NOTE
Program name 0
Interest level 0
Reading level 0
Title point value 341_000000000000000_STA
650 ## - SUBJECT ADDED ENTRY--TOPICAL TERM
Topical term or geographic name entry element MCE
9 (RLIN) 379
942 ## - ADDED ENTRY ELEMENTS (KOHA)
Source of classification or shelving scheme
Koha item type Book
Holdings
Withdrawn status Lost status Source of classification or shelving scheme Damaged status Not for loan Permanent Location Current Location Date acquired Total Checkouts Full call number Barcode Date last seen Copy number Price effective from Koha item type
          Military College of Engineering (MCE) Military College of Engineering (MCE) 10/01/2013   341 STA MCE-39020 10/01/2013 1 10/01/2013 Book
© 2023 Central Library, National University of Sciences and Technology. All Rights Reserved.